000 01684nam0a2200385 4500
001 RU\NLR\BIBL_A\010355880
005 20250614042441.0
010 _a978-5-9704-2950-1
_9500
021 _aRU
_b2014-17123
_91083
035 _a(NILC)RuMoRGB-006758508
035 _a(NLR Aleph) 010355880
090 _a10762536
_c10762536
100 _a20140513d2014 |||y0rusy50 ca
101 0 _aeng
102 _aRU
105 _aa|||j|||000yy
200 1 _aPathophysiology
_dПатофизиология
_econcise lectures, tests, clinico-pathophysiological situations and clinico-laboratory cases
_estudent manual
_fP. F. Litvitsky, S. V. Pirozhkov, E. B. Tezikov
_zeng
210 _aMoscow
_cGEOTAR-Media
_d2014
215 _a429, [1] с.
_cил.
_d22
320 _aБиблиогр. в конце кн.
510 1 _6z45790
_aПатофизиология
_zrus
606 1 _aПатологическая физиология
_jУчебные издания для высших учебных заведений
_9950731
_3RU\NLR\AUTH\6634608
675 _a616-092(075.8)
686 1 _aР252я73
700 1 _7ba
_8rus
_aLitvickij
_bP. F.
_f1948-
_gPetr Francevič
_9233113
_3RU\NLR\AUTH\770233169
701 1 _7ba
_8rus
_aPirožkov
_bS. V.
_f1955-
_gSergej Viktorovič
_9233120
_3RU\NLR\AUTH\770233176
701 1 _aTezikov
_bE. B.
_gEvgenij Borisovič
790 1 _7ca
_8rus
_aЛитвицкий
_bП. Ф.
_f1948-
_gПетр Францевич
_9233114
_3RU\NLR\AUTH\770233170
801 0 _aRU
_bRuMoRKP
_c20140311
_gRCR
801 2 _aRU
_bРГБ
_c20140401
_grcr
801 1 _aRU
_bRuMoRKP
_c20140311
_2rusmarc
942 _cBOOK
980 _aNB